Statystyki dla Państwa z Dunajem

Kliknij tutaj aby rozwiązać quiz!

Ogólne statystyki

  • Ten quiz został rozwiązany 14 razy
  • Średni wynik to 9 z 10

Statystyki odpowiedzi

Państwo% Poprawnych
Austria
100%
Słowacja
100%
Węgry
100%
Rumunia
93%
Bułgaria
86%
Chorwacja
86%
Niemcy
86%
Serbia
86%
Ukraina
86%
Mołdawia
79%

Rozkład punktacji

Percentyl według liczby udzielonych odpowiedzi

Procent ludzi z każdym wynikiem

Twoja historia wyników

Nie rozwiązałeś tego quizu